000 00384nam a22001697a 4500
005 20160629171729.0
008 160629b xxu||||| |||| 00| 0 eng d
020 _a81-203-0193-5
041 _aeng
082 _b10880
100 _aEtzioni, Amitai
_9334
245 _aMordern Organizationations
260 _bPHI
_c2003
300 _a117
650 _aManagement
_9241
942 _cBK
999 _c4789
_d4787